01366nam a2200361Ia 4500001001200000003000800012006001900020007001500039008004100054010001700095020001500112020001500127024001800142040002100160035002100181050002500202082001900227100001700246245013100263250001200394260004300406300001700449504006600466533015200532650003900684650002800723650002700751651003700778655002900815710001700844856012600861999001700987ebr10150448CaPaEBRm u cr cn|||||||||060117s2006 nyu sb 001 0 eng d z 2006041586 z140398347X z14039745863 z9781403974587 aCaPaEBRcCaPaEBR a(OCoLC)56796285114aDS113.3b.W39 2006eb04a956.9405/42221 aWaxman, Dov.14aThe pursuit of peace and the crisis of Israeli identityh[electronic resource] :bdefending/defining the nation /cDov Waxman. a1st ed. aNew York :bPalgrave Macmillan,c2006. aviii, 254 p. aIncludes bibliographical references (p. [199]-243) and index. aElectronic reproduction.bPalo Alto, Calif. :cebrary,d2009.nAvailable via World Wide Web.nAccess may be limited to ebrary affiliated libraries. 0aNational characteristics, Israeli. 0aJewszIsraelxIdentity. 0aArab-Israeli conflict. 0aIsraelxPolitics and government. 7aElectronic books.2local2 aebrary, Inc.40uhttp://site.ebrary.com/lib/rucke/Doc?id=10150448zAn electronic book accessible through the World Wide Web; click to view c94625d94625